000 00662nmc a2200253 a 4500
003 AR-BaBNM
005 20251128211659.0
008 165020s1999 ||||||||||||||000 | spa||
020 _a950-694-605-1
040 _cAR-BaBNM
100 1 _aVillanueva, Héctor
_d1918-
245 1 0 _aPoemas de amor
_b1941-1957
250 _a1ª ed.
260 _aBuenos Aires
_bNuevohacer Grupo Editor Latinoamericano
_c1999
300 0 _a121 p.
490 0 _aColección Escritura de hoy
650 4 _aLITERATURA ARGENTINA
650 4 _aANTOLOGIAS
650 4 _aPOESIA
650 4 _aLITERATURA CONTEMPORANEA
655 _aLITERATURA
942 _cBK
998 _cmartin
999 _c20690
_d20690